بيكار / (Record no. 25806)
[ view plain ]
| 000 -الفاتح | |
|---|---|
| حقل البيانات ثابتة الطول | 01408nam a22003255a 4500 |
| 003 - محدد رقم الضبط | |
| رقم الضبط | EG-ScBUE |
| 005 - وقت وتاريخ اخر تعامل مع التسجيلة | |
| رقم الضبط | 20221026110729.0 |
| 008 - عناصر البيانات ثابتة الطول - معلومات عامة | |
| حقل البيانات ثابتة الطول | 171226s2006 ua o f 000 0aara d |
| 017 ## - رقم الإيداع القانونى | |
| رقم الإيداع القانونى | 2006 / 3263 |
| 020 ## - الرقم الدولى المعيارى للكتب | |
| الرقم الدولى المعيارى للكتاب | 9773058573 |
| 040 ## - مصدر الفهرسة | |
| وكالة الفهرسة الأصلية | EG-ScBUE |
| لغة الفهرسة | ara |
| قواعد الوصف | rda |
| وكالة النسخ | EG-ScBUE |
| وكالة التعديل | EG-ScBUE |
| 043 ## - رمز المنطقة الجغرافية | |
| رمز المنطقة الجغرافية | f-ua--- |
| 082 04 - رقم تصنيف ديوى العشرى | |
| رقم التصنيف | 759.962 |
| رقم المادة | ب ي ك |
| رقم الطبعة | 22 |
| 100 1# - المدخل الرئيسى - إسم شخصى | |
| الإسم الشخصى | بيكار، حسين، |
| التواريخ المصاحبة للاسم | 2002-1913، |
| الدور | مؤلف. |
| 245 10 - بيان العنوان | |
| العنوان | بيكار / |
| بيان المسئوليه,etc | الإعداد والسيرة الذاتية فوزية الأشعل ؛ الإشراف العام الفنان مصطفى حسين. |
| 250 ## - بيان الطبعة | |
| بيان الطبعة | الطبعة الأولى. |
| 264 #1 - النشر، التوزيع | |
| مكان الناشر او الموزع | القاهرة : |
| اسم الناشر او الموزع | وزارة الثقافة، العلاقات الثقافية الخارجية، الإدارة العامة للإعلام الخارجي، |
| تاريخ النشر أو التوزيع | 2006. |
| 300 ## - الوصف المادى | |
| التعداد | 366 صفحة : |
| تفاصيل ماديه اخرى للوعاء | صور ؛ |
| أبعاد الوعاء | 30 سم. |
| 490 0# - بيان السلسلة | |
| عنوان السلسلة | سلسلة كتب بريزم للفن |
| 600 17 - المدخل الاضافى بالموضوع-اسم شخصى | |
| الإسم الشخصى | بيكار، حسين، |
| التواريخ المصاحبة للاسم | 2002-1913 |
| التقسيم الفرعي الشكلي | يوميات. |
| مصدر الرأس أو المصطلح | BUEsh |
| 650 #7 - المدخل الاضافى بالموضوع-مصطلح موضوعى | |
| مصطلح موضوعي أو اسم جغرافي كعنصر مدخل | الرسامون المصريون |
| التقسيم الفرعي الشكلي | تراجم. |
| مصدر الرأس أو المصطلح | BUEsh |
| 650 #7 - المدخل الاضافى بالموضوع-مصطلح موضوعى | |
| مصطلح موضوعي أو اسم جغرافي كعنصر مدخل | الفنون التشكيلية |
| التقسيم الفرعي الجغرافي | مصر |
| التقسيم الفرعي الشكلي | تراجم. |
| مصدر الرأس أو المصطلح | BUEsh |
| 650 #7 - المدخل الاضافى بالموضوع-مصطلح موضوعى | |
| مصطلح موضوعي أو اسم جغرافي كعنصر مدخل | الفنانون التشكيليون |
| التقسيم الفرعي الجغرافي | مصر |
| التقسيم الفرعي الشكلي | تراجم. |
| مصدر الرأس أو المصطلح | BUEsh |
| 651 ## - المدخل الاضافى بالموضوع - اسم جغرافى | |
| مصدر الرأس أو المصطلح | BUEsh |
| 653 ## - مصطلح تكشيفى غير مقيد | |
| Resource For college | Communication and mass media |
| Arrived date list | December2017 |
| 655 ## - مصطلح تكشيفى-نوع/شكل | |
| التقسيم الفرعي الشكلي | Reading book |
| 700 1# - المدخل الاضافى - اسم شخصى | |
| الإسم الشخصى | أشعل، فوزية، |
| الدور | معدة. |
| 700 1# - المدخل الاضافى - اسم شخصى | |
| الإسم الشخصى | حسين، مصطفى، |
| الدور | مشرف عام. |
| 942 ## - عناصر المدخل الإضافي( كوها) | |
| مصدر التصنيف او مخطط الترفيف | Dewey Decimal Classification |
| حالة التراجع | حالة الفقد | مصدر التصنيف او خطة الترفيف | حالة تلف | ليس للاعارة | مجموعات كوها | المكان الدائم | المكان الحالي | موقع الترفيف | تاريخ الاكتساب | Source of acquisition | سعر الشراء الطبيعي | رقم الاستدعاء | الباركود | Date last seen | التكلفة | نوع الوعاء | تبصرة غير عامة( المفوع للعناصر المفقوده) |
|---|---|---|---|---|---|---|---|---|---|---|---|---|---|---|---|---|---|
| Dewey Decimal Classification | Central Library | Central Library | Second Floor | 26/12/2017 | Purchase | 180.00 | 759.962 ب ي ك | 000042700 | 15/07/2025 | 225.00 | Book - Borrowing | ||||||
| Dewey Decimal Classification | Donation-Gift | Central Library | Central Library | Second Floor | 21/03/2018 | Donation | 759.962 ب ي ك | 000043065 | 15/07/2025 | NB - Book (Non borrowing) | إهداء من السفير علي الحفني |